Marine and coastal protected areas : A guide for planners and managers

This is a new edition of the classic textbook on marine protected area (MPA) management in the tropics, originally produced as an output of the Bali World Parks Congress in 1982. Approaches to planning and managing MPAs have evolved considerably. Major advances include innovative financing mechanism...

Cur síos iomlán

Đã lưu trong:
Sonraí Bibleagrafaíochta
Príomhúdar: Salm, Rodney V.
Formáid: Leabhar
Teanga:Undetermined
Foilsithe: Gland, Switzerland International Union for Conservation of Nature and Natural Resources 2000
Ábhair:
Clibeanna: Cuir Clib Leis
Gan Chlibeanna, Bí ar an gcéad duine leis an taifead seo a chlibeáil!
Thư viện lưu trữ: Trung tâm Học liệu Trường Đại học Cần Thơ
LEADER 01073nam a2200193Ia 4500
001 CTU_230205
008 210402s9999 xx 000 0 und d
082 |a 333.916416 
082 |b S171 
100 |a Salm, Rodney V. 
245 0 |a Marine and coastal protected areas : 
245 2 |b A guide for planners and managers 
245 0 |c Rodney V. Salm and John R. Clark with Erkki Siirila. 
260 |a Gland, Switzerland 
260 |b International Union for Conservation of Nature and Natural Resources 
260 |c 2000 
520 |a This is a new edition of the classic textbook on marine protected area (MPA) management in the tropics, originally produced as an output of the Bali World Parks Congress in 1982. Approaches to planning and managing MPAs have evolved considerably. Major advances include innovative financing mechanisms, partnerships with the private sector and NGOs, and collaborative management between government and coastal communities 
650 |a Tài nguyên biển,Marine resources 
980 |a Trung tâm Học liệu Trường Đại học Cần Thơ